书目信息 |
| 题名: |
狄德罗传
|
|
| 作者: | 比利 著 | |
| 分册: | ||
| 出版信息: | 北京 商务印书馆 1984.05 |
|
| 页数: | 390页 | |
| 开本: | 32开 | |
| 丛书名: | ||
| 单 册: | ||
| 中图分类: | K835.65 | |
| 科图分类: | ||
| 主题词: | 历史 , 地理 | |
| 电子资源: | ||
| ISBN: | 7-100-01420-4 | |
| 000 | 00557nam0 2200205 45 | |
| 001 | 0009160972 | |
| 005 | 20000916092531.3 | |
| 010 | @a7-100-01420-4@d13.20元 | |
| 100 | @a20000916d1984 km y0chiy0120 ea | |
| 101 | 0 | @achi |
| 105 | @a z 000yy | |
| 200 | 1 | @a狄德罗传@ADi De Luo Chuan@f(法)比利著;张本译@F(Fa)Bi Li Zhu;Zhang Ben Yi |
| 210 | @a北京@c商务印书馆@d1984.05 | |
| 215 | @a390页@d32开 | |
| 606 | 0 | @a历史 |
| 606 | 0 | @a地理 |
| 690 | @aK835.65@v3 | |
| 701 | 0 | @a比利@4著 |
| 801 | @aCN@bPftUser@c20000916 | |
| 905 | @b145144-146@dK835.65@eB.885@f3 | |
| 狄德罗传/(法)比利著;张本译.-北京:商务印书馆,1984.05 |
| 390页;32开 |
| ISBN 7-100-01420-4:13.20元 |
| ● |
| 相关链接 |
|
|
|
正题名:狄德罗传
索取号:K835.65/B.885
 
预约/预借
| 序号 | 登录号 | 条形码 | 馆藏地/架位号 | 状态 | 备注 |
| 1 | 145144 | 201451446 | 社科库309/309社科库 1排2列5层/ [索取号:K835.65/B.885] | 在馆 | |
| 2 | 145145 | 201451455 | 社科库309/309社科库 1排2列5层/ [索取号:K835.65/B.885] | 在馆 | |
| 3 | 145146 | 201451464 | 社科库309/309社科库 1排2列5层/ [索取号:K835.65/B.885] | 在馆 |